[Event "GER Cup Net V2 U1600"]
[Site "Playchess.com INT"]
[Date "2020.05.22"]
[Round "5"]
[White "Kaiser, Roland"]
[Black "Siemianowski, Regina"]
[Result "1/2-1/2"]
[WhiteElo "1172"]
[BlackElo "1378"]
[PlyCount "79"]
[EventDate "2020.05.22"]
[EventType "swiss (blitz)"]
[EventRounds "9"]
[EventCountry "GER"]
[SourceTitle "EXT 2021"]
[Source "ChessBase"]
[SourceDate "2020.10.23"]
[SourceVersion "1"]
[SourceVersionDate "2020.10.23"]
[SourceQuality "1"]

1. e4 e5 2. Nf3 Nf6 3. Nxe5 d6 4. Nxf7 Kxf7 5. Bc4+ Be6 6. Bxe6+ Kxe6 7. Qf3 Nbd7 8. Nc3 Be7 9. Qf5+ Kf7 10. Nd5 g6 11. Qf3 Rf8 12. 0-0 Kg7 13. Nf4 Ne5 14. Qg3 Nxe4 15. Ne6+ Kg8 16. Qd3 Nxd3 17. Nxd8 Nxc1 18. Ne6 Ne2+ 19. Kh1 Rxf2 20. Rfe1 Nxd2 21. Rad1 Ne4 22. Nd4 Nxd4 23. Rxd4 d5 24. h3 Ng3+ 25. Kg1 Rxc2 26. Rxe7 Rc1+ 27. Kf2 Nf5 28. Rxd5 Nxe7 29. Rd7 Nc6 30. Rxc7 Rc2+ 31. Ke3 Rxb2 32. Kf4 Rf8+ 33. Kg5 Rxg2+ 34. Kh6 Rh2 35. Rg7+ Kh8 36. Rxh7+ Kg8 37. Rg7+ Kh8 38. Rh7+ Kg8 39. Rg7+ Kh8 40. Rh7+ 1/2-1/2

[Event "GER Cup Net V2 U1600"]
[Site "Playchess.com INT"]
[Date "2020.05.22"]
[Round "6"]
[White "Wagner, Jochen"]
[Black "Kaiser, Roland"]
[Result "1-0"]
[WhiteElo "1447"]
[BlackElo "1172"]
[PlyCount "65"]
[EventDate "2020.05.22"]
[EventType "swiss (blitz)"]
[EventRounds "9"]
[EventCountry "GER"]
[SourceTitle "EXT 2021"]
[Source "ChessBase"]
[SourceDate "2020.10.23"]
[SourceVersion "1"]
[SourceVersionDate "2020.10.23"]
[SourceQuality "1"]

1. d4 d5 2. c4 dxc4 3. e3 Nf6 4. Bxc4 e5 5. Nf3 e4 6. Ng5 Bg4 7. Bxf7+ Ke7 8. Qb3 Nd5 9. Bxd5 c6 10. Bxe4 Rg8 11. Qxg8 Qa5+ 12. Nc3 Qf5 13. Bxf5 Kf6 14. Qxf8+ Kxg5 15. Bxg4 Kxg4 16. Qxg7+ Kf5 17. e4+ Ke6 18. Qe5+ Kd7 19. Bg5 Kc8 20. d5 Nd7 21. Qe8+ Kc7 22. Bf4+ Kb6 23. Qxd7 a5 24. dxc6 bxc6 25. Na4+ Ka6 26. Qxc6+ Ka7 27. Be3+ Kb8 28. Bb6 Ra6 29. Bc7+ Kc8 30. Nb6+ Rxb6 31. Bxb6+ Kb8 32. Qc7+ Ka8 33. Qa7# 1-0

[Event "GER Cup Net V1 U1600"]
[Site "Playchess.com INT"]
[Date "2020.05.19"]
[Round "2"]
[White "Espig, Nils"]
[Black "Kaiser, Roland"]
[Result "1-0"]
[WhiteElo "1464"]
[BlackElo "1171"]
[PlyCount "58"]
[EventDate "2020.05.19"]
[EventType "swiss (blitz)"]
[EventRounds "9"]
[EventCountry "GER"]
[SourceTitle "EXT 2021"]
[Source "ChessBase"]
[SourceDate "2020.10.23"]
[SourceVersion "1"]
[SourceVersionDate "2020.10.23"]
[SourceQuality "1"]

1. e4 e5 2. Nf3 Nf6 3. Nxe5 d6 4. Nf3 Nxe4 5. Nc3 Nxf2 6. Kxf2 d5 7. Bb5+ c6 8. Re1+ Be6 9. Bd3 Bc5+ 10. Kf1 0-0 11. Be2 Bg4 12. d4 Bb6 13. Ne5 Qh4 14. Nxg4 f5 15. Nf2 Qxh2 16. Bf3 c5 17. dxc5 Bxc5 18. Qxd5+ Kh8 19. Qxc5 Nd7 20. Qd4 Rad8 21. Qf4 Qxf4 22. Bxf4 Nf6 23. Rad1 Rc8 24. Bxb7 Rce8 25. Bg5 Rf7 26. Bxf6 gxf6 27. Rxe8+ Kg7 28. Bd5 Rd7 29. Be6 Rd4 1-0

[Event "GER Cup Net V1 U1600"]
[Site "Playchess.com INT"]
[Date "2020.05.19"]
[Round "4"]
[White "Haidekker, Kilian"]
[Black "Kaiser, Roland"]
[Result "1-0"]
[WhiteElo "1434"]
[BlackElo "1158"]
[PlyCount "75"]
[EventDate "2020.05.19"]
[EventType "swiss (blitz)"]
[EventRounds "9"]
[EventCountry "GER"]
[SourceTitle "EXT 2021"]
[Source "ChessBase"]
[SourceDate "2020.10.23"]
[SourceVersion "1"]
[SourceVersionDate "2020.10.23"]
[SourceQuality "1"]

1. e4 e5 2. Nf3 Nf6 3. Nxe5 d6 4. Nf3 Nxe4 5. d3 Nxf2 6. Kxf2 Qf6 7. Be2 d5 8. Rf1 Bc5+ 9. d4 Bb6 10. Kg1 0-0 11. Nc3 Qg6 12. Nxd5 Nd7 13. Nxb6 axb6 14. Bf4 Ra5 15. Bxc7 Nf6 16. Bxb6 Rd5 17. Bc5 Bh3 18. Rf2 Ng4 19. gxh3 Nxf2+ 20. Kxf2 Re8 21. Qd3 Rf5 22. Rg1 Qf6 23. Rg3 h5 24. h4 Rd5 25. c3 b6 26. Bb4 Qc6 27. Qc4 Qe6 28. a3 Rc8 29. Qb3 f5 30. Bc4 Rxc4 31. Qxc4 b5 32. Qb3 f4 33. Rg5 Qe3+ 34. Kg2 Qe2+ 35. Kg1 Qe3+ 36. Kg2 Qe2+ 37. Kg1 Qxf3 38. Rg2 1-0

[Event "GER Cup Net V1 U1600"]
[Site "Playchess.com INT"]
[Date "2020.05.19"]
[Round "6"]
[White "Kaiser, Roland"]
[Black "Loos, Tilda"]
[Result "0-1"]
[WhiteElo "1144"]
[BlackElo "1149"]
[PlyCount "56"]
[EventDate "2020.05.19"]
[EventType "swiss (blitz)"]
[EventRounds "9"]
[EventCountry "GER"]
[SourceTitle "EXT 2021"]
[Source "ChessBase"]
[SourceDate "2020.10.23"]
[SourceVersion "1"]
[SourceVersionDate "2020.10.23"]
[SourceQuality "1"]

1. e4 c5 2. Nf3 e6 3. d4 cxd4 4. Nxd4 Nf6 5. e5 Qa5+ 6. Bd2 Qxe5+ 7. Be3 Nc6 8. f4 Qc7 9. Nxc6 bxc6 10. Nc3 Bb4 11. a3 Ba5 12. b4 Bb6 13. Bd3 Bxe3 14. Qe2 Bxf4 15. g3 Be5 16. Ne4 Bxa1 17. 0-0 Bd4+ 18. Kh1 Nxe4 19. Bxe4 0-0 20. Qh5 h6 21. g4 d5 22. Bd3 e5 23. g5 e4 24. gxh6 exd3 25. cxd3 g6 26. Rg1 Bxg1 27. h7+ Kg7 28. h8Q+ Rxh8 0-1

[Event "GER Cup Net V1 U1600"]
[Site "Playchess.com INT"]
[Date "2020.05.19"]
[Round "8"]
[White "Kaiser, Roland"]
[Black "Schmidt, Thurid"]
[Result "1-0"]
[WhiteElo "1128"]
[BlackElo "1194"]
[PlyCount "49"]
[EventDate "2020.05.19"]
[EventType "swiss (blitz)"]
[EventRounds "9"]
[EventCountry "GER"]
[SourceTitle "EXT 2021"]
[Source "ChessBase"]
[SourceDate "2020.10.23"]
[SourceVersion "1"]
[SourceVersionDate "2020.10.23"]
[SourceQuality "1"]

1. e3 d5 2. d4 e6 3. Nc3 Nf6 4. b4 Bxb4 5. Bd2 Nc6 6. a3 Ba5 7. Nf3 0-0 8. Bd3 Re8 9. 0-0 e5 10. Ng5 e4 11. Be2 Qd6 12. f3 h6 13. Nh3 Bxh3 14. gxh3 Nh5 15. fxe4 Qg6+ 16. Bg4 dxe4 17. Nd5 Bxd2 18. Qxd2 f5 19. Rxf5 Rac8 20. Raf1 Ne7 21. Nxe7+ Rxe7 22. Qb4 Rce8 23. Qc4+ Kh8 24. Rf8+ Rxf8 25. Rxf8+ 1-0

[Event "GER-ch Net Amateur Gr-C Vor3"]
[Site "Playchess.com INT"]
[Date "2020.04.16"]
[Round "2"]
[White "Kaiser, Roland"]
[Black "Bock, Leonas"]
[Result "0-1"]
[WhiteElo "1268"]
[BlackElo "1443"]
[PlyCount "38"]
[EventDate "2020.04.16"]
[EventType "swiss (blitz)"]
[EventRounds "9"]
[EventCountry "GER"]
[SourceTitle "CBM 195 Extra"]
[Source "ChessBase"]
[SourceDate "2020.05.31"]
[SourceVersion "1"]
[SourceVersionDate "2020.05.31"]
[SourceQuality "1"]

1. e4 d6 2. Nf3 Nf6 3. Nc3 e5 4. Bc4 Be7 5. Ng5 0-0 6. d4 h6 7. Nxf7 Rxf7 8. Bxf7+ Kxf7 9. Nd5 Nxe4 10. Qh5+ g6 11. Qxh6 Qg8 12. Nxc7 Bg5 13. Qxg5 Nxg5 14. Nxa8 Nc6 15. Bxg5 Nxd4 16. 0-0-0 Bf5 17. Nc7 Qc8 18. c3 Qxc7 19. Bd2 Ne2# 0-1

[Event "GER-ch Net Amateur Gr-C Vor2"]
[Site "Playchess.com INT"]
[Date "2020.04.15"]
[Round "4"]
[White "Kaiser, Roland"]
[Black "Fettig, Michel"]
[Result "0-1"]
[WhiteElo "1209"]
[BlackElo "1400"]
[PlyCount "220"]
[EventDate "2020.04.15"]
[EventType "swiss (blitz)"]
[EventRounds "9"]
[EventCountry "GER"]
[SourceTitle "CBM 196 Extra"]
[Source "ChessBase"]
[SourceDate "2020.07.31"]
[SourceVersion "1"]
[SourceVersionDate "2020.07.31"]
[SourceQuality "1"]

1. e4 e5 2. Nf3 Nc6 3. Bc4 Nf6 4. Ng5 Bc5 5. Nxf7 Bxf2+ 6. Kxf2 Nxe4+ 7. Ke2 Nd4+ 8. Kd3 Nf2+ 9. Ke3 Nxd1+ 10. Kd3 Nf2+ 11. Kc3 Qh4 12. Nxh8 Nxh1 13. Bf7+ Kf8 14. d3 Nf2 15. Bg6 Ne2+ 16. Kd2 Nf4 17. Bf7 Qg4 18. Nc3 g6 19. Ke1 N2xd3+ 20. cxd3 Nxd3+ 21. Kf1 Qf4+ 22. Bxf4 exf4 23. Ne4 Nxb2 24. Nf6 Kg7 25. Ng4 Kxh8 26. Re1 d6 27. Re8+ Kg7 28. Rg8+ Kxf7 29. Nh6+ Ke7 30. Rg7+ Kd8 31. Nf7+ Kd7 32. Ne5+ Ke6 33. Ng4 b6 34. Rxc7 Ba6+ 35. Kf2 Nd3+ 36. Kf3 Ne1+ 37. Kxf4 Nd3+ 38. Kg3 h5 39. Nh6 Rh8 40. Nf7 Rf8 41. Ng5+ Kf5 42. Nf3 g5 43. Nd4+ Ke5 44. Nc6+ Kd5 45. Ne7+ Ke6 46. h4 gxh4+ 47. Kxh4 Re8 48. Rxa7 Rxe7 49. Rxa6 Nf4 50. Rxb6 Nxg2+ 51. Kxh5 Rh7+ 52. Kg6 Ra7 53. Rb2 Ra6 54. Re2+ Kd7 55. Kf7 Nf4 56. Re7+ Kc6 57. Re1 Ra7+ 58. Kf6 Nd5+ 59. Kg6 Rxa2 60. Rc1+ Kd7 61. Rh1 Nf4+ 62. Kf5 Nd3 63. Rh7+ Kc6 64. Rh6 Ra5+ 65. Ke6 Nf4+ 66. Kf7 Ra7+ 67. Kf6 Nd5+ 68. Ke6 Re7+ 69. Kf5 Rf7+ 70. Ke6 Re7+ 71. Kf5 Ne3+ 72. Kf4 Nd5+ 73. Kf3 Re3+ 74. Kf2 Re8 75. Rh1 Kc5 76. Rc1+ Kd4 77. Rd1+ Kc5 78. Rc1+ Kb6 79. Rb1+ Kc7 80. Rc1+ Kd7 81. Rd1 Nc3 82. Rd3 Ne4+ 83. Kg2 Rg8+ 84. Kh3 Rg3+ 85. Kh4 Rxd3 86. Kg4 Rg3+ 87. Kf4 d5 88. Kf5 Nf6 89. Ke5 d4 90. Kxd4 Ne4 91. Kxe4 Kc6 92. Ke5 Rg4 93. Kf5 Ra4 94. Ke5 Kc5 95. Ke6 Kd4 96. Kf5 Ke3 97. Kf6 Ra5 98. Ke6 Kd4 99. Kf6 Ke4 100. Kg6 Kf4 101. Kh6 Kg4 102. Kg6 Ra6+ 103. Kf7 Kf5 104. Ke7 Rh6 105. Kf7 Rh7+ 106. Kg8 Ra7 107. Kf8 Ke6 108. Kg8 Kf6 109. Kh8 Kg6 110. Kg8 Ra8# 0-1

[Event "Niedersachsen-ch op C"]
[Site "Verden"]
[Date "2019.01.06"]
[Round "7"]
[White "Terpe, Norbert"]
[Black "Kaiser, Roland"]
[Result "1-0"]
[WhiteElo "752"]
[BlackElo "1182"]
[PlyCount "31"]
[EventDate "2019.01.03"]
[EventType "swiss"]
[EventRounds "7"]
[EventCountry "GER"]
[SourceTitle "EXT 2022"]
[Source "ChessBase"]
[SourceDate "2021.10.06"]
[SourceVersion "1"]
[SourceVersionDate "2021.10.06"]
[SourceQuality "1"]

1. e4 e5 2. Nf3 Nf6 3. Nc3 Nc6 4. Bb5 Bc5 5. 0-0 0-0 6. Nxe5 Nxe5 7. d4 Bd6 8. dxe5 Bxe5 9. Bg5 d6 10. Nd5 c6 11. Nxf6+ gxf6 12. Bh6 Re8 13. Qf3 cxb5 14. Rad1 Re6 15. Qg4+ Kh8 16. Qg7# 1-0